Vybrané otázky dlhovej politiky obcí v podmienkach SR

Pokračovanie príspevku z predchádzajúceho čísla. Bankové úvery verzus komunálne obligácie. Metodika výpočtu indikátorov finančnej stability obcí podľa INEKO.

Salvato in:
Dettagli Bibliografici
Autore principale: Kozovský, Dušan
Natura: Capitolo di libro
Lingua:slovacco
Soggetti:
Tags: Aggiungi Tag
Nessun Tag, puoi essere il primo ad aggiungerne!!

MARC

LEADER 00000naa a2200000 4500
001 0181335
005 20231208083203.3
041 0 |a slo 
044 |a SK 
245 1 0 |a Vybrané otázky dlhovej politiky obcí v podmienkach SR  |c Dušan Kozovský 
520 |a Pokračovanie príspevku z predchádzajúceho čísla. Bankové úvery verzus komunálne obligácie. Metodika výpočtu indikátorov finančnej stability obcí podľa INEKO. 
610 2 0 |a obce 
610 2 0 |a stabilita finančná 
610 2 0 |a dlhy 
610 2 0 |a obligácie komunálne 
610 2 0 |a úver bankový 
610 2 0 |a rozpočtovanie 
100 1 |a Kozovský, Dušan